000 01116naa a22003017a 4500
001 BR9210831
003 BR-BrBNA
005 20250721155416.0
007 ta
008 250630b bl.|||m| |||| 00| 0 por d
040 _aBR-BrBNA
_bpor
_cBiblioteca Nacional de Agricultura
041 _a(Pt)
072 _aH20
_b2480
_b4120
_bG514
090 _aH20 BR9210831
100 1 _aSilva, H.M. e
100 1 _aSouza, R.A. de
111 1 _a1. Simposio do Tropico Umido
_cBelem, PA (Brazil)
_d12-17 Nov 1984
245 1 _aDoencas da seringueira na Amazonia; tentativa de uma abordagem critica
500 _aAnais do 1. Simposio do Tropico Umido Brasilia, DF (Brasil): 1986. p. 113-125 [21 ref.; Summaries (En, Pt)] (BR9210831-AMS)
773 0 _tAnais do 1. Simposio do Tropico Umido
_b
_wH20 BR9210831
_gBrasilia, DF (Brasil), 1986. p. 113-125
650 _aSERINGUEIRA
650 _aMAL DAS FOLHAS
650 _aMANCHA AUREOLADA
650 _aAMAZONIA
490 _aDocumentos - Centro de Pesquisa Agropecuaria do Tropico Umido (Brazil)
_vno. 36
942 _cAMS
_2AGRIS
909 _a202506
_bLúcia
_c55
_dLúcia Elande
999 _c336340
_d336340